The only country... #2 - Statistics

General Stats
  • This quiz has been taken 1,137 times
    1,119 since last reset
  • The average score is 6 of 10
Answer Stats
Hint Answer % Correct
With a maple leaf on its flag Canada
99%
That is also a continent Australia
96%
That is longer than it is wide Chile
92%
With a reigning emperor Japan
86%
With a square flag Switzerland
72%
Where citizens are forbidden to enter the casino Monaco
70%
With a royal family that holds no real political power Netherlands
36%
Where you can find the wild Bactrian camel Mongolia
32%
With a divided capital Cyprus
29%
With two official flags Denmark
24%
No matching quizzes found
Score Distribution
Percent of People with Each Score
Percentile by Number Answered
Your Score History
You have not taken this quiz since the last reset